| 000 | 01061na a2200361 4500 | ||
|---|---|---|---|
| 001 | 22501 | ||
| 003 | MIRAKIL | ||
| 005 | 20181213155015.0 | ||
| 008 | 170215b tu 000 0 | ||
| 035 | _a17965 | ||
| 040 |
_aMilas _btur _cTR-AnCHP |
||
| 041 | _atur | ||
| 082 |
_aCHP 333.79 _bC36e [200?] |
||
| 090 | _aCHP 333.79 C36e [200?] | ||
| 091 | _aENERJİ-1 | ||
| 110 | _aCumhuriyet Halk Partisi (CHP) | ||
| 222 | _aEnerji raporları | ||
| 245 |
_aCumhuriyet Halk Partisi enerji raporu _cHazırlayanlar Metin Maarifoğlu, Ayhan Fırat |
||
| 246 | _aEnerji raporu | ||
| 260 |
_aAnkara _bCHP _c[200?] |
||
| 300 |
_a36yaprak _c30 sm. |
||
| 490 | _aCumhuriyet Halk Partisi yayınları | ||
| 610 |
_aCHP _xEnerji _yRaporlar |
||
| 610 |
_aCHP _xEnerji _yRaporlar |
||
| 650 |
_aEnerji _xToplantılar _yRaporlar |
||
| 651 |
_aTürkiye _xEnerji _yToplantılar |
||
| 700 | _aFırat, Ayhan | ||
| 700 | _aMaarifoğlu, Metin | ||
| 710 | _aCumhuriyet Halk Partisi (CHP) | ||
| 740 | _aCHP enerji raporları | ||
| 942 |
_2ddc _cBKS |
||
| 999 |
_c4704 _d4704 |
||